Metropolis (Record no. 67473)
[ view plain ]
| 000 -LEADER | |
|---|---|
| campo de control de longitud fija | 01589ngm a2200313Ia 4500 |
| 001 - NÚMERO DE CONTROL | |
| campo de control | 40060 |
| 005 - FECHA Y HORA DE LA ÚLTIMA TRANSACCIÓN | |
| campo de control | 20230410123851.0 |
| 008 - DATOS DE LONGITUD FIJA--INFORMACIÓN GENERAL | |
| campo de control de longitud fija | 070622p20022001at 109 g vleng d |
| 035 ## - NÚMERO DE CONTROL DEL SISTEMA | |
| Número de control de sistema | (OCoLC)ocn145335584 |
| 040 ## - FUENTE DE CATALOGACIÓN | |
| Centro catalogador/agencia de origen | DRFGD |
| Centro/agencia transcriptor | DRFGD |
| 050 14 - SIGNATURA TOPOGRÁFICA DE LA BIBLIOTECA DEL CONGRESO | |
| Número de clasificación | CM DVD 01054 |
| 035 ## - NÚMERO DE CONTROL DEL SISTEMA | |
| Número de control de sistema | (OCoLC)145335584 |
| 049 ## - FONDOS LOCALES (OCLC) | |
| Biblioteca depositaria | GRAL |
| 245 00 - MENCIÓN DEL TÍTULO | |
| Título | Metropolis |
| Medio | [videorecording] = |
| Resto del título | Metoroporisu. |
| 260 ## - PUBLICACIÓN, DISTRIBUCIÓN, ETC. | |
| Lugar de publicación, distribución, etc. | [Australia] : |
| Nombre del editor, distribuidor, etc. | Columbia Tristar Home Video Australia, |
| Fecha de publicación, distribución, etc. | c2002. |
| 300 ## - DESCRIPCIÓN FÍSICA | |
| Extensión | 2 videodiscs (109 min.) : |
| Otras características físicas | sd., col. ; |
| Dimensiones | 4 3/4 in. |
| 520 ## - RESUMEN, ETC. | |
| Sumario, etc. | Set in a futuristic city at the height of its civilisation. Tells the story of Tima, a beautiful and mysterious humanoid who does not realise that she is actually a highly advanced robot. It is Tima who must discover her true self and begin to bridge the gap between humans and humanoid, to save the entire city from the dark dictator Duke Red. |
| 538 ## - NOTA DE DETALLES DEL SISTEMA | |
| Nota de detalles del sistema | DVD. |
| 500 ## - NOTA GENERAL | |
| Nota general | Widescreen format (Aspect ratio 1.85:1). |
| 500 ## - NOTA GENERAL | |
| Nota general | Special features include 'Animax special: the making of Metropolis' - a thirty minute behind-the-scenes feature on the making of this movie and interviews with Rintaro and Katsuhiro Otomo. |
| 508 ## - NOTA DE CRÉDITOS DE CREACIÓN O PRODUCCIÓN | |
| Nota de créditos de creación o producción | Based on the comic by Osamu Tezuka ; screenplay by Katsuhiro Otomo ; directed by Rintaro. |
| 546 ## - NOTA DE IDIOMA | |
| Nota de lengua/lenguaje | Sound tracks in Japanese, English with subtitles in English, french, spanish, portiguese, chinese, korean, thai |
| 650 #0 - PUNTO DE ACCESO ADICIONAL DE MATERIA--TÉRMINO DE MATERIA | |
| Término de materia o nombre geográfico como elemento de entrada | Animated films |
| Subdivisión geográfica | Japan. |
| 700 1# - ENTRADA AGREGADA--NOMBRE PERSONAL | |
| Nombre de persona | åOtomo, Katsuhiro, |
| Fechas asociadas al nombre | 1954- |
| 700 1# - ENTRADA AGREGADA--NOMBRE PERSONAL | |
| Nombre de persona | Tezuka, Osamu, |
| Fechas asociadas al nombre | 1928-1989. |
| 700 1# - ENTRADA AGREGADA--NOMBRE PERSONAL | |
| Nombre de persona | Rintaro. |
| 942 ## - ELEMENTOS DE ENTRADA SECUNDARIOS (KOHA) | |
| Fuente del sistema de clasificación o colocación | Clasificación de Library of Congress |
| Tipo de ítem Koha | |
| 994 ## - | |
| -- | C0 |
| -- | DRFGD |
| Estatus retirado | Estado de pérdida | Fuente del sistema de clasificación o colocación | Estado de daño | No para préstamo | Biblioteca de origen | Biblioteca actual | Ubicación en estantería | Fecha de adquisición | Signatura topográfica completa | Código de barras | Visto por última vez | Copia número | Tipo de ítem Koha |
|---|---|---|---|---|---|---|---|---|---|---|---|---|---|
| Clasificación de Library of Congress | Biblioteca Juan Bosch | Biblioteca Juan Bosch | Colección Multimedia (Humanidades 4to. Piso) | 10/04/2023 | CM DVD 01054 | 00000040251 | 25/10/2018 | 1 |
